ბათუმის შოთა რუსთაველის სახელმწიფო უნივერსიტეტის ბიბლიოთეკა

Сборник научных работ. вып.24 (Технология,организация и механизация интенсивного садоводства) (ბიბ.ჩანაწერი № 45822)

000 -LEADER
fixed length control field 00708nam a2200181Ia 4500
001 - CONTROL NUMBER
control field 12651
003 - CONTROL NUMBER IDENTIFIER
control field GE_BSU
008 - FIXED-LENGTH DATA ELEMENTS--GENERAL INFORMATION
fixed length control field 181216s||||||||xx |||||||||||||| ||und||
040 ## - CATALOGING SOURCE
Transcribing agency GE_BSU
080 ## - UNIVERSAL DECIMAL CLASSIFICATION NUMBER
Universal Decimal Classification number 634.1/8
245 ## - TITLE STATEMENT
Title Сборник научных работ. вып.24 (Технология,организация и механизация интенсивного садоводства)
260 ## - PUBLICATION, DISTRIBUTION, ETC.
Place of publication, distribution, etc. Мичуринск
260 ## - PUBLICATION, DISTRIBUTION, ETC.
Date of publication, distribution, etc. 1977
300 ## - PHYSICAL DESCRIPTION
Extent 142стр.22см.
300 ## - PHYSICAL DESCRIPTION
Accompanying material Таблицы
653 ## - INDEX TERM--UNCONTROLLED
Uncontrolled term Сборник научных работ. вып.24 (Технология,организация и механизация интенсивного садоводства)
942 ## - ADDED ENTRY ELEMENTS (KOHA)
Koha item type წიგნი
ეგზემპლარები
Withdrawn status Lost status Damaged status Not for loan Date acquired Barcode Date last seen Price effective from Koha item type
        2018-12-17 20603 2018-12-17 2018-12-17 წიგნი